00859nam a2200229Ia 4500003000400000005001700004008004100021020001500062040001800077041000800095082002100103100002800124245008300152260004700235300002500282650003300307650004500340650005100385942003000436999001900466952014400485OSt20240629115543.0210716s1961 xx 000 0 und d a0395081343 cAIMIT LIBRARY aeng a374.22 21bROGC aRogers, Carl R.9171998 aOn becoming a person : btherapists view of psychotherapy /cBy Carl R Rogers. aU S A ;bHoughton mifflin Company ,c1961. a420P. ;bHBc22.5 cm aHow can i be or help9171999 aThe process of becoming a person9172000 aThe place of research in psychotherapy9172001 2ddccBKe1stk374.22 ROGC c198264d198264 00102ddc40708MBAaAIMITbAIMITd2004-11-10iBill no:; Bill dt:1900-01-00l0o374.22 ROGCpMBA00829r2026-05-23 00:00:00w2021-07-16yBK